Manchester City: The Premier League Years - Statistics

General Stats
  • This quiz has been taken 1,055 times
    182 since last reset
  • The average score is 27 of 66
Answer Stats
Answer % Correct
Pep Guardiola
99%
Alf-Inge Haaland
97%
Erling Haaland
97%
Kevin De Bruyne
97%
Sergio Agüero
95%
Bernardo Silva
88%
David Silva
88%
Kyle Walker
88%
Phil Foden
88%
Vincent Kompany
88%
İlkay Gündoğan
85%
Ederson Moraes
84%
Rúben Dias
84%
Raheem Sterling
83%
Rodri
82%
Fernandinho
77%
Manuel Pellegrini
73%
Roberto Mancini
72%
Joe Hart
66%
Yaya Touré
66%
Kolo Touré
64%
Carlos Tévez
60%
Riyad Mahrez
58%
Joško Gvardiol
48%
Pablo Zabaleta
47%
João Cancelo
46%
Nicolás Otamendi
42%
Robinho
42%
Mark Hughes
40%
Micah Richards
37%
Richard Dunne
32%
Sven-Göran Eriksson
32%
Nicolas Anelka
29%
Shaun Wright-Phillips
27%
Stuart Pearce
25%
Joey Barton
24%
Robbie Fowler
23%
Shaun Goater
23%
Andy Cole
22%
Shay Given
21%
Stephen Ireland
21%
David James
20%
Elano
18%
Kevin Keegan
18%
Niall Quinn
18%
Sylvain Distin
17%
Alan Ball
16%
Joe Royle
15%
Giorgi Kinkladze
14%
Uwe Rösler
14%
Darius Vassell
12%
Peter Reid
11%
David White
10%
Brian Horton
9%
Keith Curle
9%
Nicky Summerbee
9%
Tony Coton
9%
Terry Phelan
7%
Steve McMahon
6%
Danny Tiatto
5%
Paul Walsh
5%
Ali Benarbia
4%
Eike Immel
3%
Garry Flitcroft
3%
Mike Sheron
3%
Kit Symons
1%
No matching quizzes found
Score Distribution
Percent of People with Each Score
Percentile by Number Answered
Your Score History
You have not taken this quiz since the last reset